เปลี่ยนเป็นภาษาไทย

Change to English
 แสดงรายละเอียดบรรณานุกรม
  กลับหน้าหลัก

Brief Record : Get Marc (ISO 2709) : E-mail record : QR code < ปิดหน้าต่าง
mysqli: Table './ulib62015/stat_globaluid' is marked as crashed and should be repaired
select id from stat_globaluid where statuid='20260517200433_1550' 
mysqli: Table './ulib62015/stat_globaluid' is marked as crashed and should be repaired
DELETE FROM stat_globaluid
			WHERE id NOT IN (
			  SELECT id
			  FROM (
				SELECT id
				FROM stat_globaluid
				ORDER BY id DESC
				LIMIT 100
			  ) foo
			); 
mysqli: Table './ulib62015/stat_globaluid' is marked as crashed and should be repaired
insert into stat_globaluid set
		statuid='20260517200433_1550',
		dt='1779023073',
		phpself='/ULIB62015/dublinfull.php',
		agent='Mozilla/5.0 AppleWebKit/537.36 (KHTML, like Gecko; compatible; ClaudeBot/1.0; +claudebot@anthropic.com)',
		yea='2026',
		mon='5',
		dat='17',
		ip='216.73.216.45'
		
		
mysqli: Table './ulib62015/stathist_viewbib_bib_type' is marked as crashed and should be repaired
insert into stathist_viewbib_bib_type set 
		dat='17' ,
		 mon='05' ,
		  yea='2026' ,
			 statuid='20260517200433_1550' ,
			 head='13399122748' ,
			 foot='marc' ,
			 dt='1779023073' 
		
LEADER : 00000nam 2200000uu 4500
001    13399122748
003     ULIB
008    200709s2014||||th 000 0 eng d
020    ^a9781461495505
060 04 ^aWN440^bP371 2014
245 10 ^aPediatric Nuclear Medicine and Molecular Imaging /^ceditor by S.Ted Treves
250    ^aFourth edition
260    ^aNew York :^bSpringer,^cc2014
300    ^axxiv, 712 pages :^billustrations ;^c26 cm.
650  2 ^aNuclear Medicine
650  2 ^aMedicine
650  2 ^aMolecular Imaging
650  2 ^aPediatrics
650  2 ^aPediatrics Medicine
700 1  ^aTreves, S. Ted.^eeditor
945    ^p5550^l0^i027974
945    ^p5550^l0^i027975
945    ^p0^l0^i027998
945    ^p0^l0^i028779
999    ^a57066
รายการนี้ยังไม่มีแท็ก
คุณยังไม่ได้ล็อกอิน คุณสามารถมีกิจกรรมร่วมกับเว็บไซต์ได้ แต่ต้องล็อกอินก่อน ::
  ล็อกอิน
  One Stop Service : ศูนย์ให้บริการแบบเบ็ดเสร็จ   จัดการหนังสือโปรด   แจ้งรายการบรรณานุกรมผิดพลาด
ลำดับที่ ประเภท เลขเรียก/บาร์โค้ด สถานที่ สถานะ
1. หนังสือ
หนังสือ
WN440 P371 2014 c.1 
  Barcode: 027974
หนังสือทั่วไป บนชั้น
  ขอยืม
Note:งบประมาณปี 2563
2. หนังสือ
หนังสือ
WN440 P371 2014 c.2 
  Barcode: 027975
หนังสือทั่วไป บนชั้น
  ขอยืม
Note:งบประมาณปี 2563
3. หนังสือ
หนังสือ
WN440 P371 2014 c.3 
  Barcode: 027998
หนังสือทั่วไป บนชั้น
  ขอยืม
Note:งบประมาณปี 2563
4. หนังสือ
หนังสือ
WN440 P371 2014 c.4 
  Barcode: 028779
หนังสือทั่วไป บนชั้น
  ขอยืม
Note:งบประมาณปี 2564

รายการใกล้เคียง
    หัวเรื่อง [Nuclear Medicine]
    หัวเรื่อง [Medicine]

BibComment


ยังไม่เคยถูกคอมเมนท์

คอมเมนท์ทรัพยากรรายการนี้
  คอมเมนท์: Pediatric Nuclea..
Bib 13399122748

 
 
 

 Union Library Management : ULibM
Copyright 2026. All Rights Reserved.